000 00630nam a22001933a 4500
005 20250826063928.0
008 010508s1975 fr r 000 0 fre d
035 _aUPN01000106185
049 _aCG
050 4 _aLB2965 I6
_bCH34
245 0 3 _aLe Chahrestan de Chahroud, Iran /
_cJ. Hallak ... [et al.].
260 _aParís :
_bUNESCO :
_bIIEP,
_c1975.
300 _a120 p. :
_bil., mapas
440 0 _aMéthode de preparation de la carte scolaire : études de cos ;
_v6
650 4 _aEducación
_xPlanificación
_91146
650 4 _aEducación
_zIrán
_917242
700 1 _aHallak, Jacques,
_d1937-
_ecoaut.
_928384
905 _aLibro
999 _c80098
_d80098